Neurología pediátrica / (Registro nro. 3164)
[ vista simple ]
| 000 -LEADER | |
|---|---|
| fixed length control field | 01188nam a2200301 a 4500 |
| 008 - CAMPO DE CONTROL (LIBRO) | |
| fixed length control field | 230412b2010 ag ||||| |||| 001 0 spa d |
| 020 ## - INTERNATIONAL STANDARD BOOK NUMBER | |
| ISBN | 9789500607940 |
| 041 ## - CODIGO DE IDIOMA | |
| Código de idioma del texto/pista de sonido o título separado | spa |
| 092 ## - SIGNATURA TOPOGRAFICA DEWEY LOCAL | |
| número de clasificación | 618.92 |
| libristica | 24 |
| sección | FEJ |
| 100 1# - ENTRADA PRINCIPAL--NOMBRE PERSONAL | |
| Nombre personal | Fejerman, Natalio |
| 9 (RLIN) | 4196 |
| 245 ## - TITULO PROPIAMENTE DICHO | |
| Título | Neurología pediátrica / |
| Mención de responsabilidad y remanente de la transcripción de la portada | Natalio Fejerman |
| 250 ## - MENCION DE EDICION | |
| Mención de edición | 3a ed. |
| 260 ## - PIE DE IMPRENTA | |
| Lugar de publicación, distribución, etc | Buenos Aires: |
| Nombre de la editorial, distribuidor, etc | Editorial Médica Panamericana; |
| Fecha de publicación | 2010. |
| 300 ## - DESCRIPCION FISICA | |
| Extension | 1120 p. |
| 500 ## - NOTA GENERAL | |
| Nota general | Fejerman, N. y Fernández Álvarez, E. (2010). Neurología pediátrica. (3a ed.). Buenos Aires : Editorial Médica Panamericana. |
| 653 ## - TÉRMINO INDIZADO - PALABRAS CLAVES | |
| Palabra clave | Consulta neurológica |
| 653 ## - TÉRMINO INDIZADO - PALABRAS CLAVES | |
| Palabra clave | Neurología fetal y neonatal |
| 653 ## - TÉRMINO INDIZADO - PALABRAS CLAVES | |
| Palabra clave | Trastornos del desarrollo y retardo mental |
| 653 ## - TÉRMINO INDIZADO - PALABRAS CLAVES | |
| Palabra clave | Encefalopatías no evolutivas y evolutivas |
| 653 ## - TÉRMINO INDIZADO - PALABRAS CLAVES | |
| Palabra clave | Trastornos motores centrales y periféricos |
| 653 ## - TÉRMINO INDIZADO - PALABRAS CLAVES | |
| Palabra clave | Trastornos paroxísticos y síntomas episódicos |
| 653 ## - TÉRMINO INDIZADO - PALABRAS CLAVES | |
| Palabra clave | Trastornos del aprendizaje, el lenguaje y la conducta |
| 653 ## - TÉRMINO INDIZADO - PALABRAS CLAVES | |
| Palabra clave | Hipertensión endocraneana y patología neuroquirúrgica |
| 653 ## - TÉRMINO INDIZADO - PALABRAS CLAVES | |
| Palabra clave | Infecciones en el sistema nervioso central |
| 653 ## - TÉRMINO INDIZADO - PALABRAS CLAVES | |
| Palabra clave | Patologías varias |
| 700 1# - ENTRADAS SECUNDARIAS - NOMBRE PERSONAL | |
| Nombre personal | Fernández Álvarez, Emilio |
| 9 (RLIN) | 4197 |
| 942 ## - ADDED ENTRY ELEMENTS (KOHA) | |
| Source of classification or shelving scheme | Dewey Decimal Classification |
| Item type | Libros |
| Estado de retiro | Existencia | Fuente de clasificación | Estado general | No para prestamo | Ubicación permanente | ubicación actual | Sala de ubicación | Fecha de adquisición | Fuente de adquisición | Total Checkouts | Número de clasificación | Código de barras | Date last seen | Date last borrowed | Número de ejemplar | Price effective from | Koha tipo de elemento (item) | Coded location qualifier | Public note |
|---|---|---|---|---|---|---|---|---|---|---|---|---|---|---|---|---|---|---|---|
| Dewey Decimal Classification | Biblioteca Medicina | Biblioteca Medicina | Circulación | 12/04/2023 | Donacion | 2 | 618.92 24 FEJ | 4851 | 10/06/2024 | 10/06/2024 | Ej. 1 | 12/04/2023 | Libros | ||||||
| Dewey Decimal Classification | Biblioteca Medicina | Biblioteca Medicina | Circulación | 15/08/2023 | Donación Dra. Rey Mac Williams, Carolina. Agosto 2023 | 618.92 24 FEJ | 4872 | 15/08/2023 | Ej. 2 | 15/08/2023 | Libros | Donación Dra. Rey Mac Williams, Carolina. Agosto 2023 |